[Event "African Online-ch Open 2021"]
[Site "Online"]
[Date "2021.02.01"]
[Round "8.3"]
[White "Silva, David"]
[Black "Rakotomaharo, Fy Antenaina"]
[Result "1/2-1/2"]
[WhiteElo "2258"]
[BlackElo "2422"]
[Annotator "TA"]
[PlyCount "67"]
[EventDate "2021.02.01"]
[EventType "swiss"]
[EventCountry "NET"]
[SourceTitle "playchess.com"]
[Source "ChessBase"]
[SourceQuality "1"]

{[%evp 16,67,-25,-25,-14,-37,-12,-23,-24,-8,-13,-30,36,39,38,58,83,74,99,44,41,45,60,40,66,60,60,62,69,55,62,62,71,78,80,45,77,76,77,77,102,82,81,81,78,57,52,24,24,0,0,0,0,-18]} 1. d4 Nf6 2. c4 e6 3. Nc3 d5 4. cxd5 exd5 5. Nf3 c6 6. g3 Bd6 7. Bg2 O-O 8. O-O Re8 9. Qc2 Bg4 {D35: Queen's Gambit Declined: Exchange Variation.} 10. Nh4 {[#]} Bh5 $146 ({Predecessor:} 10... Qc8 11. Bg5 Be7 12. Qd2 Bh3 13. Rfe1 Bxg2 14. Kxg2 Qe6 15. f3 Bf8 16. e4 dxe4 17. Nxe4 Nxe4 18. Rxe4 {0-1 (41) Bollenbach,H (1721)-Schwetje,S (1889) Binz 2018}) 11. e4 dxe4 {Black has an edge.} 12. Nxe4 Be7 13. Nf5 Bg6 (13... Nxe4 $11 14. Bxe4 Bf8) 14. Nxe7+ $14 Qxe7 15. Nxf6+ Qxf6 16. Qb3 Re7 17. Bf4 ({White should play} 17. Bd2 $16) 17... Na6 18. Rfe1 Rae8 19. Re5 {Bg5 is the strong threat.} (19. Re3 {keeps more tension.} h6 20. Rae1 Rxe3 21. Bxe3 Re7 22. h4) 19... Rxe5 20. dxe5 Qe7 21. Be3 Qb4 22. Rd1 Qxb3 23. axb3 Bf5 24. Bxa7 g5 25. Bb6 h6 26. f4 Nb4 27. Rd6 Be6 28. Bc5 Nd5 29. Bxd5 cxd5 30. fxg5 hxg5 31. Be3 g4 32. Bg5 Kh7 33. Kf2 Rc8 34. Rd8 {Weighted Error Value: White=0.13/Black=0.13} 1/2-1/2

[Event "African Online-ch Open 2021"]
[Site "Online"]
[Date "2021.02.01"]
[Round "8.4"]
[White "Bouzidi, Ahmed"]
[Black "Ortega Amarelle, Mariano"]
[Result "1/2-1/2"]
[WhiteElo "2163"]
[BlackElo "2463"]
[Annotator "TA"]
[PlyCount "142"]
[EventDate "2021.02.01"]
[EventType "swiss"]
[EventCountry "NET"]
[SourceTitle "playchess.com"]
[Source "ChessBase"]
[SourceQuality "1"]

{[%evp 14,142,39,6,47,34,33,11,16,16,16,6,10,5,8,14,10,0,-11,-17,0,-20,10,-27,0,0,0,-7,0,0,0,0,0,0,6,0,0,0,0,0,0,0,0,0,0,0,0,0,0,0,0,0,0,0,0,9,8,8,8,0,0,0,0,0,0,0,0,0,0,0,0,0,0,0,0,0,0,0,0,0,0,0,0,0,0,0,0,0,0,0,0,0,0,0,0,0,137,58,93,60,73,70,62,71,72,59,127,54,76,68,93,0,0,0,0,0,0,0,0,0,0,0,0,0,0,0,0,0,0,0,0]} 1. e4 d5 2. exd5 Qxd5 3. Nc3 Qa5 4. d4 Nf6 5. Nf3 Bf5 6. Ne5 c6 7. Bc4 e6 8. Bd2 Qb6 {B01: Scandinavian Defence.} (8... Nbd7 $5 {[%cal Rd7e5]}) 9. Qe2 $1 Nbd7 10. Nxd7 Kxd7 11. O-O-O Rd8 {[#]} 12. Na4 $146 ({Predecessor:} 12. h3 Kc8 13. g4 Bg6 14. f4 Bb4 15. Na4 Qa5 16. Nc5 Bxd2+ 17. Rxd2 Rhe8 18. a3 {1-0 (27) Tomazini,Z (2432)-Zvara,P (2375) Pardubice 2016}) 12... Qc7 13. Nc5+ Kc8 14. Nb3 Bd6 15. f3 h5 16. g3 Rhe8 17. Qf2 Nd5 18. Be2 Nb4 19. Bxb4 Bxb4 20. Bd3 Bxd3 21. Rxd3 Kb8 22. Rhd1 g6 23. Kb1 Rd7 24. c3 Be7 25. Nd2 Red8 26. Nc4 {With the idea Ne5.} Bf6 27. Qe3 Rd5 28. f4 a6 29. Qe2 c5 30. Ne3 R5d7 {[%cal Rc5d4]} 31. d5 exd5 32. Nxd5 Qc6 {[%cal Rd7d5]} 33. Nxf6 Rxd3 34. Rxd3 Rxd3 35. Qxd3 Qxf6 $11 {[%mdl 4096] Endgame KQ-KQ} 36. Kc2 Qe6 37. a4 (37. Qd8+ {is interesting.} Ka7 38. Qc7 Qd5 39. b3 Qg2+ 40. Kd3) 37... Ka7 38. b3 Qh3 39. Qe2 Qf5+ 40. Kb2 Qd5 41. Qe3 Kb8 42. Ka3 Qd6 43. Qe8+ {[%mdl 64] [#] Double Attack} Ka7 $1 44. Qxf7 c4+ 45. b4 Qd3 46. Qf6 b5 (46... Qc2 $5 47. Qd4+ $8 {[%mdl 64] Double Attack} Ka8 48. Qxc4 Qc1+ 49. Kb3 Qb1+ 50. Ka3 Qc1+ 51. Kb3 Qb1+ 52. Ka3 Qc1+ $11) 47. Qd4+ (47. a5 {keeps more tension.} Qe3 48. Qd4+ Qxd4 49. cxd4 Kb7 50. h3) 47... Qxd4 48. cxd4 {KP-KP} Kb6 49. axb5 axb5 50. h3 $1 {[#] Strongly threatening g4.} Kc6 {And now ...Kd5 would win.} 51. g4 $1 {[%cal Rg4g5]} hxg4 52. hxg4 Kd5 53. f5 $1 {[%cal Rf5g6]} gxf5 ({Inferior is} 53... Kxd4 54. fxg6 Ke3 55. g7 Kf4 56. g8=Q Ke5 57. g5 Ke4 58. g6) 54. gxf5 {K3P-KPP} Kd6 (54... Kxd4 55. f6 Ke5 56. f7 Kf4 57. f8=Q+ Ke4 58. Qc5 Kd3 59. Qxb5) (54... c3 $1 $11) 55. Kb2 $16 Kd5 56. Kc2 Kd6 ({Worse is} 56... Kxd4 57. f6 Ke4 58. f7 Kf5 59. f8=Q+ Ke6 60. Qe8+ Kf5 61. Qxb5+ Kf4 62. Qd5) 57. Kd2 Ke7 58. d5 $1 Kf6 59. d6 {Hoping for Kc2.} Kf7 60. Kc3 ({Better is} 60. Ke3 $16) 60... Kf6 $14 61. Kd4 {Threatens to win with Ke3.} Kf7 62. Ke5 (62. Ke3 $16) 62... c3 $11 {The position is equal.} 63. f6 c2 $1 {[%cal Rc2c1]} 64. d7 c1=Q {( -> ...Qd2!)} 65. d8=Q {KQ-KQ} Qe1+ 66. Kf5 {White threatens Qd7+ and mate.} Qe6+ 67. Kg5 {aiming for Qc7+.} Qe5+ 68. Kg4 Qe4+ 69. Kg5 {Qd7+ would kill now.} Qe5+ 70. Kg4 Qe4+ 71. Kg5 {Intending Qd7+ and mate.} Qe5+ {Weighted Error Value: White=0.05/Black=0.06} 1/2-1/2

[Event "African Online-ch Open 2021"]
[Site "Online"]
[Date "2021.02.01"]
[Round "8.5"]
[White "Miguel, Sergio"]
[Black "Zaibi, Amir"]
[Result "0-1"]
[WhiteElo "2377"]
[BlackElo "2381"]
[Annotator "TA"]
[PlyCount "45"]
[EventDate "2021.02.01"]
[EventType "swiss"]
[EventCountry "NET"]
[SourceTitle "playchess.com"]
[Source "ChessBase"]
[SourceQuality "1"]

{[%evp 9,45,20,32,-8,-19,-44,-35,-17,-25,-39,-45,-495,-495,-485,-485,-488,-475,-906,-892,-838,-725,-811,-757,-734,-731,-680,-642,-1205,-1156,-1131,-1106,-29985,-29986,-29986,-730,-29987,-29988,-29988]} 1. d4 Nf6 2. Bf4 g6 3. Nc3 d5 4. Qd2 Bg7 5. O-O-O O-O 6. h4 {A45: Trompowsky Attack.} c5 {Strongly threatening ...cxd4.} 7. dxc5 Qa5 8. Kb1 {Black is slightly better.} ({Don't blunder} 8. Nxd5 $2 Qxa2 9. Nxe7+ Kh8 $19) 8... Nc6 9. Nxd5 Qxc5 {[#] White must now prevent ...Rd8.} 10. f3 $146 {[%mdl 8192]} (10. e4 $15) ({Predecessor:} 10. Qe3 Qxe3 11. Nxf6+ Bxf6 12. Bxe3 Bf5 13. a3 Rfd8 14. Rxd8+ Rxd8 15. Kc1 Na5 16. Bg5 {0-1 (51) Keijzer,R (1852)-Pasko,P ICCF email 2006}) 10... Nxd5 $19 {[%mdl 64] Overworked Piece} 11. Qxd5 {[#]} Qb4 {[%csl Gg7,LRb2,LRf4][%cal Rb4b2]} 12. Bc1 Be6 13. Qd2 {[#]} (13. Qe4 $142 Rfd8 14. Qxb4 Bxa2+ 15. Ka1 Nxb4 16. Rd3) 13... Bxa2+ $1 {[%mdl 512]} 14. Kxa2 Qa4+ 15. Kb1 Nb4 16. Qxb4 Qxb4 17. e4 a5 {[%cal Ba7a5,Ba5a4,Ba4a3,Ba3a2][%mdl 32] ...a4 is the strong threat.} 18. Rd5 a4 {And now ...a3 would win.} 19. c3 Qb3 {( -> ...a3)} 20. Be2 a3 21. Bd1 a2+ 22. Ka1 {[#]} Qxc3 $1 {[%cal Rc3c1][%mdl 512]} 23. Ne2 {White got outplayed after the opening.  Weighted Error Value: White=1.56/Black=0.07} 0-1

[Event "African Online-ch Open 2021"]
[Site "Online"]
[Date "2021.02.01"]
[Round "8.6"]
[White "Paiva, Donaldo"]
[Black "Wanyama, Harold"]
[Result "1-0"]
[WhiteElo "2230"]
[BlackElo "2312"]
[Annotator "TA"]
[PlyCount "67"]
[EventDate "2021.02.01"]
[EventType "swiss"]
[EventCountry "NET"]
[SourceTitle "playchess.com"]
[Source "ChessBase"]
[SourceQuality "1"]

{[%evp 16,67,37,14,46,8,37,22,34,27,29,26,28,22,33,9,46,35,69,67,116,94,118,103,134,124,110,114,210,70,89,15,209,-11,-11,1,35,48,47,43,38,15,80,94,111,43,264,45,484,473,466,470,574,565]} 1. e4 e5 2. Nf3 Nc6 3. Bb5 a6 4. Ba4 Nf6 5. O-O b5 6. Bb3 Be7 7. Re1 O-O 8. a4 Rb8 9. c3 d6 {C88: Closed Ruy Lopez: Anti-Marshall Systems.} 10. h3 Bb7 11. d4 {aiming for axb5.} exd4 {The position is equal.} 12. cxd4 Nb4 13. Nc3 c5 14. axb5 axb5 {[#]} 15. d5 $146 ({Predecessor:} 15. e5 dxe5 16. dxe5 Qxd1 17. Bxd1 Ne8 18. Re3 Nc7 19. Ra7 c4 20. Bd2 Bc5 21. Rxb7 Rxb7 {0-1 (51) Solodovnichenko,Y (2519)-Laxman,R (2388) playchess.com INT 2005}) 15... c4 (15... Qb6 {with more complications.} 16. Be3 Rfe8 17. Qb1 Ra8 18. Ra3 Nd7) 16. Bc2 Nxc2 17. Qxc2 b4 18. Ne2 Rc8 19. Ned4 Nd7 20. Bf4 b3 21. Qc3 Re8 {[#]} (21... Qb6 $16 {was worth a try.}) 22. Qb4 (22. Nf5 $1 $18 {[%csl Gf5][%cal Rc3g7]} Bf6 23. Qb4) 22... Nc5 $14 23. Qxc4 (23. Ra7 $16) 23... Qb6 (23... Bf8 $11 {and Black stays safe.}) 24. Nc6 $2 (24. Nf5 $18) 24... Bxc6 $11 25. dxc6 Rxc6 26. Nd4 $36 {[%mdl 2048] White has good play.} Rcc8 {...Ne6 is the strong threat.} 27. Nf5 Bf8 28. Qd5 Re6 (28... Qc6 $11 {keeps the balance.} 29. Bxd6 Nxe4 30. Qxc6 Rxc6 31. Ne7+ Bxe7 32. Rxe4 Rxd6 33. Rxe7 Red8) 29. Kh1 $16 Qb4 {[%cal Rc5e4]} 30. Bd2 (30. Rec1 $16 {[%cal Rf5d6]} Rd8 31. f3) 30... Qb5 $2 (30... Qb7 $14) 31. Ra5 $2 (31. Nd4 $18 Qd7 32. Nxe6 fxe6 33. Qd4) 31... Qd3 {[%mdl 8192] [#]} (31... Qb8 $14) 32. Rxc5 $1 $18 {[%mdl 512] White is clearly winning.} Qxd5 33. Rxd5 Rc2 {[#]} 34. Nd4 $1 {Weighted Error Value: White=0.60/Black=0.76} 1-0

[Event "African Online-ch Open 2021"]
[Site "Online"]
[Date "2021.02.01"]
[Round "8.7"]
[White "Beukes, Dante M"]
[Black "Seddaoui, Yamine"]
[Result "1-0"]
[WhiteElo "2206"]
[BlackElo "2127"]
[Annotator "TA"]
[PlyCount "93"]
[EventDate "2021.02.01"]
[EventType "swiss"]
[EventCountry "NET"]
[SourceTitle "playchess.com"]
[Source "ChessBase"]
[SourceQuality "1"]

{[%evp 14,93,43,33,50,50,52,23,40,11,9,5,21,0,52,64,68,74,85,75,111,110,97,97,108,15,3,0,0,0,0,0,48,54,119,116,136,133,132,131,156,150,151,144,160,170,159,158,149,101,218,225,266,264,254,152,162,133,218,222,428,425,376,269,5408,5182,29975,29976,29973,29974,5787,5206,5057,5057,4678,2865,1500,1293,1170,1165,1138,1053]} 1. e4 d6 2. d4 Nf6 3. Nc3 Nbd7 4. Nf3 e5 5. Bc4 Be7 6. O-O c6 7. a4 Qc7 8. Re1 h6 {C41: Philidor Defence.} 9. a5 Nf8 10. b3 Ng6 {[#] White has an edge.} 11. g3 $146 ({Predecessor:} 11. d5 O-O 12. h3 Bd7 13. Be3 Kh8 14. Nd2 c5 15. Bb5 Bxb5 16. Nxb5 Qd7 17. Qe2 {0-1 (32) Grosse,C (1874)-Koellner,C (2083) Nickenich 2018}) 11... Bg4 12. d5 O-O 13. Qd3 Rac8 (13... Qd7 $11) 14. Nd2 $14 cxd5 15. Nxd5 Nxd5 16. Bxd5 Qxc2 17. Qxc2 Rxc2 18. Nc4 Be6 19. Ne3 (19. Bxb7 $16 {Threatening Be3.} Bxc4 20. bxc4) 19... Rc7 $11 20. Ba3 Rfc8 21. h4 Nf8 22. Red1 g6 23. Bxe6 Nxe6 (23... fxe6 $14 24. Bxd6 Bxd6 25. Rxd6 Kf7) 24. Nd5 $16 Rd7 {[#]} 25. Bxd6 $1 {[%mdl 512]} Bxd6 26. Nf6+ {[%mdl 64] Double Attack} Kf8 {...Rdd8 is the strong threat.} 27. Nxd7+ Ke7 {[#]} 28. Nf6 {[%mdl 512]} Nd4 29. Nd5+ Ke6 30. Rab1 f5 31. Ne3 f4 (31... fxe4 $16 {was worth a try.} 32. b4 Rc3) 32. gxf4 $18 Ne2+ 33. Kf1 Nxf4 34. Nc4 (34. Rbc1 $18 Rxc1 35. Rxc1) 34... Be7 $16 35. Rb2 Rc6 (35... g5 $16) 36. Rbd2 $18 Bxh4 $2 (36... Rc7 37. Rd5 a6 38. Rxe5+ Kf7) 37. Rd7 Be7 38. Rxb7 a6 $2 (38... Bc5 39. Rd8 Bd4) 39. Rb6 Rxb6 40. axb6 {[%mdl 4096] Endgame KRN-KBN} Bc5 41. b7 Ba7 42. Rd6+ {White is clearly winning.} Ke7 43. Rxa6 Bb8 44. Ra8 Bc7 45. b8=Q Bxb8 46. Rxb8 h5 47. Nxe5 {Weighted Error Value: White=0.17/Black=0.51} 1-0

[Event "African Online-ch Open 2021"]
[Site "Online"]
[Date "2021.02.01"]
[Round "8.8"]
[White "Simoes, Joao"]
[Black "Kayonde, Andrew"]
[Result "0-1"]
[WhiteElo "2228"]
[BlackElo "2393"]
[Annotator "TA"]
[PlyCount "134"]
[EventDate "2021.02.01"]
[EventType "swiss"]
[EventCountry "NET"]
[SourceTitle "playchess.com"]
[Source "ChessBase"]
[SourceQuality "1"]

{[%evp 12,134,19,18,22,0,3,-2,-2,-2,-2,-1,-2,-11,-8,-15,0,-2,-5,-17,-7,-34,-23,-28,-38,-29,-24,-32,-26,-33,-27,-31,-23,-79,-51,-95,-52,-53,-63,-64,-64,-72,-28,-37,-29,-38,-27,-96,-96,-139,-133,-136,-125,-155,-155,-142,-106,-155,-155,-152,-151,-166,-179,-755,-747,-695,-370,-789,-777,-738,-681,-738,-579,-917,-917,-942,-732,-768,-743,-937,-955,-923,-815,-965,-960,-955,-941,-958,-942,-930,-935,-960,-933,-738,-689,-546,-917,-866,-797,-1517,-1493,-1444,-1448,-1286,-1295,-1723,-1622,-1558,-1521,-29958,-2753,-29975,-29976,-29976,-29977,-29982,-29983,-29983,-29984,-29985,-29986,-29988,-29988,-29990,-29991]} 1. d4 d5 2. c4 e6 3. Nc3 c6 4. e3 Nf6 5. Nf3 a6 6. c5 Nbd7 7. b4 b6 {D45: Semi-Slav: 5 e3.} 8. Bd2 a5 9. a3 Be7 {The position is equal.} 10. Bd3 {[#]} O-O $146 ({Predecessor:} 10... Qc7 11. O-O O-O 12. Qc2 h6 13. Rfe1 Ng4 14. h3 Ngf6 15. Ne2 e5 16. dxe5 Nxe5 17. Nxe5 Qxe5 {0-1 (27) Buyanbadrakh,G-Unurzul,D (1488) Ulaanbaatar 2016}) 11. O-O Ba6 12. Bxa6 Rxa6 13. Qe2 Ra8 14. Qd3 Qc7 15. Rac1 Qb7 (15... Rfb8 {is interesting.} 16. Qc2 Ra7 17. h3 axb4 18. axb4 Rba8) 16. e4 axb4 17. axb4 dxe4 18. Nxe4 Nxe4 19. Qxe4 Nf6 20. Qc2 b5 21. Ra1 Nd5 22. Qb2 (22. h4 $11 {remains equal.}) 22... Bf6 23. g4 Rxa1 24. Rxa1 Ra8 25. g5 Bd8 26. Ne5 Ra6 27. Rxa6 Qxa6 28. Qb1 Bc7 29. Nd3 (29. Qe1 $11) 29... Qa3 $17 30. h4 {[#]} g6 $1 31. Kg2 Kg7 32. Qc2 Qa1 33. Be3 Kf8 34. Qe2 Qc3 35. Qd2 {intending Qxc3.} Qb3 36. Kf3 Ne7 37. Kg4 $2 (37. Ke2) 37... Qd5 $19 {[%cal Rd5g2] [#]} 38. f4 Qe4 39. Ne5 $2 (39. Kg3) 39... Nd5 40. Bg1 Bxe5 41. dxe5 Qxb4 42. Qxb4 Nxb4 {[%mdl 4096] Endgame KB-KN} 43. Kf3 Nd5 44. Ke4 Ke7 45. Bf2 Kd7 46. Be1 Kc7 47. Bd2 b4 48. Kd3 b3 49. Bc1 Kb7 50. Kc4 Ka6 51. Kxb3 Kb5 52. Kc2 Kxc5 53. Kd3 Kb5 (53... Kb4 $142 54. Bd2+ Kb3) 54. Bd2 c5 55. Bc1 Kb4 56. Bd2+ Kb3 57. Bc1 Nb4+ 58. Ke4 c4 59. Kd4 c3 60. f5 gxf5 61. h5 Nd5 {Black mates.} 62. Kd3 f4 63. Ke4 Kc2 64. Ba3 Kd1 65. g6 fxg6 66. h6 c2 67. Kd4 f3 {Weighted Error Value: White=0.72/Black=0.17} 0-1

[Event "African Online-ch Open 2021"]
[Site "Online"]
[Date "2021.02.01"]
[Round "8.9"]
[White "Likoko, Elvis"]
[Black "Oatlhotse, Providence"]
[Result "0-1"]
[WhiteElo "1646"]
[BlackElo "2190"]
[Annotator "TA"]
[PlyCount "72"]
[EventDate "2021.02.01"]
[EventType "swiss"]
[EventCountry "NET"]
[SourceTitle "playchess.com"]
[Source "ChessBase"]
[SourceQuality "1"]

{[%evp 9,72,-37,-27,-39,-1,-30,-7,-41,-6,-56,-35,-62,-65,-125,-45,-93,-93,-226,-176,-188,-188,-186,-172,-309,-250,-331,-231,-284,-252,-245,-214,-315,-313,-420,-425,-393,-282,-529,-569,-1064,-212,-216,-198,-629,-580,-1369,-1325,-1223,-1224,-1354,-1307,-1352,-1119,-1447,-1397,-1289,-1063,-29996,-29997,-29997,-29998,-29998,-29999,-29999,-29999]} 1. e4 c5 2. f3 Nc6 3. Ne2 d5 4. exd5 Qxd5 5. Nbc3 Qd8 {[#]} 6. d3 $146 {B31: Sicilian: 2...Nc6 3 Bb5 g6.} ({Predecessor:} 6. Ng3 Nf6 7. a3 e6 8. Bc4 Be7 9. d3 O-O 10. Be3 b6 11. Qd2 Bb7 12. Nce4 {0-1 (39) Endrina,J (1645)-Jacutina,J (2041) Tagaytay City 2017}) 6... e5 7. Be3 Be7 8. Qd2 {The position is equal.} Nf6 9. O-O-O O-O 10. h4 Nd4 11. h5 ({Better is} 11. f4 $15) 11... Be6 (11... h6 $17 12. Kb1 Be6) 12. Kb1 b5 {[%cal Bb7b5,Bb5b4][%mdl 32]} 13. Nc1 {Now White is beyond hope.} (13. h6 $17 {was called for.} g6 14. Bg5) 13... a5 {[%cal Ba7a5,Ba5a4,Ba4b3][%mdl 32]} 14. Ne4 b4 15. h6 g6 16. Be2 (16. Nxf6+ {was worth a try.} Bxf6 17. g3) 16... a4 17. f4 b3 18. cxb3 axb3 19. a3 exf4 20. Bxf4 (20. Bf2 $142) 20... Nd5 $19 21. Bg5 f6 22. Bh4 Nc2 23. Bf2 (23. Rdf1) 23... Qb6 24. d4 {[%cal Rd4c5] [#]} Bf5 $2 (24... Rxa3 $1 {[%mdl 512]} 25. bxa3 c4) 25. dxc5 {[#]} Qe6 {[%cal Re6e4]} ({Worse is} 25... Nxa3+ 26. bxa3 Bxe4+ 27. Bd3 $15) 26. Bd3 {[#]} ({Don't blunder} 26. Qxd5 $2 Nxa3+ 27. bxa3 Bxe4+ 28. Qxe4 Qxe4+ $19) (26. Rh4 Bxe4 27. Rxe4 Nxa3+ 28. bxa3 Qxe4+ {[%mdl 64] Double Attack} 29. Kb2) 26... Ndb4 $1 {[%mdl 512]} 27. Ng3 {[#]} (27. Qc3 Nxd3) 27... Rxa3 $1 {[%mdl 576] Demolition} 28. bxa3 Nxa3+ 29. Kb2 Nxd3+ 30. Qxd3 Nc4+ 31. Kc3 Bxd3 32. Nxd3 Ne5 {( -> ...Qc4+)} 33. Rhe1 Qc4+ {Black mates.} 34. Kb2 Qc2+ 35. Ka3 Ra8+ 36. Kb4 Rb8+ {Weighted Error Value: White=1.28/Black=0.50} 0-1

[Event "African Online-ch Open 2021"]
[Site "Online"]
[Date "2021.02.01"]
[Round "8.10"]
[White "Joelson, Ricardo"]
[Black "Pascoal, Eduardo A"]
[Result "1-0"]
[WhiteElo "2017"]
[BlackElo "2184"]
[Annotator "TA"]
[PlyCount "73"]
[EventDate "2021.02.01"]
[EventType "swiss"]
[EventCountry "NET"]
[SourceTitle "playchess.com"]
[Source "ChessBase"]
[SourceQuality "1"]

{[%evp 21,73,13,31,8,15,0,18,16,17,18,5,8,4,12,12,14,12,9,25,0,12,3,41,-20,5,5,13,6,21,16,22,22,22,21,25,23,26,15,102,62,62,62,62,62,91,98,93,85,90,80,104,41,75,59]} 1. Nf3 Nf6 2. g3 b6 3. Bg2 Bb7 4. O-O c5 5. c4 g6 6. Nc3 Bg7 7. d4 cxd4 8. Nxd4 Bxg2 9. Kxg2 Qc8 10. b3 O-O 11. Bb2 Nc6 12. Rc1 {A30: Symmetrical English: Double Fianchetto and Hedgehog.} Qb7 {[#] Threatens to win with ...Nxd4+.} 13. Kg1 {[#]} Rac8 $146 ({Predecessor:} 13... Rfd8 14. Nxc6 dxc6 15. Qc2 e6 16. Rcd1 c5 17. h3 h5 18. Rxd8+ Rxd8 19. Rd1 Rxd1+ 20. Qxd1 {1-0 (60) Torzsas,L (1755)-Kutnik,A (2011) Satu Mare 2019}) 14. Re1 {The position is equal.} Nxd4 15. Qxd4 Ne4 16. Qxe4 Qxe4 17. Nxe4 {Black must now prevent Bxg7.} Bxb2 18. Rc2 Bg7 19. Rd1 d6 20. Rd5 Rc6 21. e3 Rfc8 22. Kf1 ({Better is} 22. g4 $14) 22... h6 23. g4 a6 24. Rcd2 Rb8 25. Ke2 b5 26. c5 dxc5 27. Rxc5 Rxc5 28. Nxc5 $11 {[%mdl 4096] Endgame KRB-KRN} a5 29. Rc2 Rb6 (29... Rc8 $11 {remains equal.}) 30. Nd3 f5 31. gxf5 gxf5 32. Nf4 e6 33. Rc8+ Kf7 34. Rc7+ Kf8 35. h3 a4 {[#]} 36. h4 ({White should try} 36. bxa4 $1 $16 bxa4 37. Ra7) 36... axb3 37. axb3 {Weighted Error Value: White=0.14/Black=0.16} 1-0

[Event "African Online-ch Open 2021"]
[Site "Online"]
[Date "2021.02.01"]
[Round "8.11"]
[White "Gohil, Mehul"]
[Black "Meftahi, Houssem"]
[Result "0-1"]
[WhiteElo "1991"]
[BlackElo "2110"]
[Annotator "TA"]
[PlyCount "54"]
[EventDate "2021.02.01"]
[EventType "swiss"]
[EventCountry "NET"]
[SourceTitle "playchess.com"]
[Source "ChessBase"]
[SourceQuality "1"]

{[%evp 10,54,19,1,66,57,50,0,-12,-74,-89,-90,-95,-103,-112,-108,-68,-73,-75,-284,-272,-549,-525,-548,-556,-600,-597,-685,-681,-899,-860,-929,-835,-1006,-952,-1122,-1081,-1506,-1456,-1281,-1800,-1717,-1740,-2352,-2339,-6979,-6104]} 1. d4 d5 2. c4 e6 3. Nc3 c6 4. Nf3 dxc4 5. a4 Bb4 6. Bd2 b5 {D31: Queen's Gambit Declined: Semi-Slav without ...Nf6 (+ Marshall Gambit and Noteboom) and Exchange Variation lines without ...Nf6.} (6... Nf6 $11) 7. axb5 $14 {aiming for Qa4.} Bxc3 8. bxc3 (8. Bxc3 $14 cxb5 9. b3) 8... cxb5 $11 {The position is equal.} 9. g3 (9. Qb1 $11 {keeps the balance.}) 9... Bb7 $17 10. Bg2 Nf6 {[#]} 11. O-O $146 ({Predecessor:} 11. Bg5 Nbd7 12. O-O O-O 13. Re1 Qb6 14. Qc2 Ne4 15. Be3 Qc7 16. Bf4 Qc8 17. Rad1 {0-1 (39) Adam,F (1541)-Delafenetre,A (1604) Cantenay Epinard 2015}) 11... O-O 12. Qb1 a6 13. Bg5 Nbd7 14. Ne5 $2 {This costs White the game.} (14. Re1 $17 {is a better defense.}) 14... Bxg2 $19 15. Nxd7 $2 (15. Kxg2 Nxe5 16. dxe5 Qd5+ {[%mdl 64] Double Attack} 17. Kg1) 15... Qxd7 {Black is clearly winning.} 16. Kxg2 Qd5+ {[%mdl 64] [#] Double Attack} 17. Kg1 Qxg5 18. f4 Qf5 19. Qd1 Qe4 20. Qd2 Nd5 21. Rf3 f5 22. Raf1 a5 23. h3 b4 24. g4 b3 25. gxf5 exf5 26. Rg3 Rfb8 27. e3 b2 {Weighted Error Value: White=1.03/Black=0.20} 0-1